| 000 | 00349nam a2200109Ia 4500 | ||
|---|---|---|---|
| 008 | 171211s9999 xx 000 0 und d | ||
| 245 | 2 | _aA Single Sky: How an International Community Forged the Science of Radio Astronomy | |
| 245 | _cDavid P.D. Munns | ||
| 260 | _c2012 | ||
| 650 | _xASTRONOMY | ||
| 856 | _uhttp://down.ebook777.com/063/0262018330.pdf | ||
| 999 |
_c349417 _d349417 |
||